[Event "Bastia CC Winter op 34th"]
[Site "Bastia"]
[Date "2009.01.22"]
[Round "5"]
[White "Humeau, Cyril"]
[Black "Gil, Jean Jacques"]
[Result "1-0"]
[WhiteElo "2203"]
[BlackElo "1613"]
[PlyCount "37"]
[EventDate "2009.01.18"]
[EventType "swiss"]
[EventRounds "7"]
[EventCountry "FRA"]
[SourceTitle "EXT 2010"]
[Source "ChessBase"]
[SourceDate "2010.11.25"]
[SourceVersion "1"]
[SourceVersionDate "2010.11.25"]
[SourceQuality "1"]

1. g4 c5 2. Bg2 Nc6 3. c4 e6 4. Nc3 a6 5. d3 Be7 6. e4 Nd4 7. Be3 e5 8. Nge2 Bh4 9. Ng3 h6 10. 0-0 Bg5 11. Bxd4 cxd4 12. Nd5 Ne7 13. Nxe7 Qxe7 14. Nf5 Qf8 15. c5 g6 16. Nd6+ Kd8 17. Qb3 Rb8 18. Nxf7+ Kc7 19. Qb6# 1-0

[Event "Corsica-chT"]
[Site "Travo"]
[Date "2006.03.??"]
[Round "2.1"]
[White "Gil, Jean Jacques"]
[Black "Luciani, Thibault"]
[Result "1/2-1/2"]
[WhiteElo "1710"]
[BlackElo "1850"]
[PlyCount "94"]
[EventDate "2006.04.09"]
[EventType "team"]
[EventRounds "3"]
[EventCountry "FRA"]
[SourceTitle "EXT 2007"]
[Source "ChessBase"]
[SourceDate "2006.11.23"]
[SourceVersion "1"]
[SourceVersionDate "2006.11.23"]
[SourceQuality "1"]

1. d4 Nf6 2. e3 d6 3. Bd3 g6 4. f4 Bg7 5. Nf3 0-0 6. 0-0 Nc6 7. c3 Bg4 8. Nbd2 e5 9. Qb3 Bxf3 10. Rxf3 Rb8 11. dxe5 dxe5 12. Bc4 e4 13. Rf1 Na5 14. Qc2 Nxc4 15. Nxc4 Qe7 16. Bd2 Rbd8 17. Rad1 Rd5 18. Bc1 Rfd8 19. Rxd5 Rxd5 20. Rd1 Rxd1+ 21. Qxd1 Qd7 22. Qxd7 Nxd7 23. Nd2 f5 24. h3 Nc5 25. Nc4 Nd3 26. Bd2 b5 27. Na3 c6 28. b3 Bf8 29. Nc2 c5 30. g4 Kf7 31. Kf1 Ke6 32. Kg2 Kf6 33. Kg3 g5 34. fxg5+ Kxg5 35. h4+ Kg6 36. Ne1 Nxe1 37. Bxe1 Bd6+ 38. Kh3 fxg4+ 39. Kxg4 h5+ 40. Kh3 Kf5 41. Bg3 Bxg3 42. Kxg3 a5 43. c4 b4 44. Kh3 Ke5 45. Kg3 Kf5 46. Kh3 Ke5 47. Kg3 Kf5 1/2-1/2